000 00294nam a2200109Ia 4500
008 171211s9999 xx 000 0 und d
245 _aAcrylic Painting With Lee Hammond
245 _cLee Hammond
260 _c2006
650 _xDesign
856 _uhttp://down.ebook777.com/059/1581807090.pdf
999 _c347980
_d347980